|
|
|
|
| LEADER |
01687cas a2200241 a 4500 |
| 001 |
AALejournalIMF014381 |
| 008 |
230101c9999 xx r poo 0 0eng d |
| 020 |
|
|
|c 5.00 USD
|
| 020 |
|
|
|z 9781484378649
|
| 022 |
|
|
|a 1934-7685
|
| 040 |
|
|
|a BD-DhAAL
|c BD-DhAAL
|
| 110 |
2 |
|
|a International Monetary Fund.
|b European Dept.
|
| 245 |
1 |
0 |
|a Luxembourg :
|b Selected Issues.
|
| 264 |
|
1 |
|a Washington, D.C. :
|b International Monetary Fund,
|c 2014.
|
| 300 |
|
|
|a 1 online resource (60 pages)
|
| 490 |
1 |
|
|a IMF Staff Country Reports
|
| 500 |
|
|
|a <strong>Off-Campus Access:</strong> No User ID or Password Required
|
| 500 |
|
|
|a <strong>On-Campus Access:</strong> No User ID or Password Required
|
| 506 |
|
|
|a Electronic access restricted to authorized BRAC University faculty, staff and students
|
| 520 |
3 |
|
|a This Selected Issues Paper analyzes the fiscal position and significant challenges for Luxembourg. Luxembourg's fiscal position is currently sound, however, fiscal safety buffers are being eroded. The country's healthy fiscal position will be challenged by forthcoming revenue losses as well as rapid trend growth in expenditures. An overall strategy to address this coming deterioration is needed. Beyond the planned value-added tax increase, recurrent property taxes are a possible additional source of revenue. On expenditures, social benefits should be an area of focus, and reforms of these benefits should also aim to reduce disincentives to work.
|
| 538 |
|
|
|a Mode of access: Internet
|
| 830 |
|
0 |
|a IMF Staff Country Reports; Country Report ;
|v No. 2014/119
|
| 856 |
4 |
0 |
|z Full text available on IMF
|u http://elibrary.imf.org/view/journals/002/2014/119/002.2014.issue-119-en.xml
|z IMF e-Library
|